01770 a2200193 45000010006000000050017000060080041000230030015000640400040000790800121001192450088002400200022003282640083003503000025004335050902004580410008013601000031013688560177013993007920260407155611.0260407a2014 arg spa dAR-UNSa-BCEJYS aAR-UNSa-BCEJYSbspacAR-UNSa-BCEJYS a342.7xDerechos fundamentales. Derechos humanos. Derechos y deberes de los ciudadanos (Derecho a la Salud, vivienda)10aCuestiones actuales en la investigación de graves violaciones de Derechos Humanos a978-987-3720-06-2 1aBuenos Aires :bMinisterio de Justicia y Derechos Humanos de la Naciónc2014 axiii, 176 p.c23 cm. a1. Aspectos de la teoría de la empresa criminal común en la jurisprudencia del Tribunal Penal Internacional para la ex-Yugoslavia - 2. El Tribunal Penal Internacional de la ex-Yugoslavia y el caso Perisic - 3. Influencia de la Jurisprudencia del Tribunal Penal Internacional para la ex-Yugoslavia. Sentencias que condenaron en nuestro país al delito de violación como crimen de lesa humanidad - 4. Nota sobre el jusgamiento de la criminalidad económica de la última dictadura militar en Argentina - 5. Comentario al caso Perisic del Tribunal Penal Internacional para la ex-Yugoslavia - 6. La participación criminal de comandantes en genocidios, crímenes de guerra y delitos de lesa humanidad. El caso Perisic (TPIY) y una inadecuada conclusión dogmática - 7. Las inmunidades de los magistrados y la obligación estatal de investigar y juzgar los crímenes contra la humanidad aspa1 aRey, Sebastián Alejandro41uhttps://biblioeco.unsa.edu.ar/pmb/images/libros/Cuestiones Actuales en la Investigacion de Graves Violaciones de Derechos Humanos-l125113.jpgyImagen de portadaqimage/jpeg